| 000 | 00574cam a22002291 4500 | ||
|---|---|---|---|
| 001 | 9844009 | ||
| 005 | 20180116072153.0 | ||
| 008 | 721120s1962 xx 000 0 eng | ||
| 010 | _a 62015133 | ||
| 035 | _a(OCoLC)499243 | ||
| 040 |
_aDLC _cODaWU _dTxU _dInU _dDLC |
||
| 041 | _aeng | ||
| 042 | _apremarc | ||
| 080 | _a32 YOU | ||
| 082 | _a32 YOU | ||
| 100 | 1 | _a19 | |
| 101 | _aPOL | ||
| 245 | 1 | 0 | _aOgg and Ray's Introduction to American Government. |
| 504 | _aIncludes bibliography. | ||
| 906 |
_a7 _bcbc _coclcrpl _du _encip _f19 _gy-gencatlg |
||
| 942 |
_2ddc _cBK |
||
| 999 |
_c40369 _d40369 |
||